Rocket League - Most Expensive Items - Statistics

General Stats
  • This quiz has been taken 1,260 times
    1,040 since last reset
  • The average score is 8 of 23
Answer Stats
Hints! Answers! % Correct
When You Find A Massive Glitch or Bug White Hat
71%
CC4 or PCC Exotic Painted White Zomba
64%
Universal Mistery Decal Heatwave
52%
Alpha/Beta Gold Rush
51%
Universal Mistery Decal 20xx
45%
Alpha/Beta Goldstone
45%
Alpha/Beta Gold Nugget
42%
CC2 or PCC Exotic Painted Crimson Voltaic
38%
CC4 or PCC Exotic Painted Black Zomba
35%
Universal Mistery Decal Hexed
35%
Turbo Crate Import Painted White Endo
34%
Alpha/Beta Gold Cap
30%
CC1 Exotic Painted Crimson Looper
29%
Turbo Crate Exotic Painted White Kalos
29%
Turbo Crate Exotic Painted White Roulette
29%
Turbo Crate Exotic Painted Crimson Kalos
28%
Turbo Crate Import Painted Crimson Endo
26%
Turbo Crate Exotic Painted Crimson Roulette
26%
Turbo Crate Exotic Painted Black Kalos
20%
Turbo Crate Exotic Painted Black Roulette
20%
CC2 or PCC Exotic Painted Forest Green Voltaic
20%
CC2 or PCC Exotic Painted Purple Voltaic
18%
CC4 or PCC Exotic Painted Sky Blue Zomba
18%
No matching quizzes found
Score Distribution
Percent of People with Each Score
Percentile by Number Answered
Your Score History
You have not taken this quiz since the last reset